| 000 | 00493nam a22001937a 4500 | ||
|---|---|---|---|
| 003 | OSt | ||
| 005 | 20250621201038.0 | ||
| 008 | 250621b |||||||| |||| 00| 0 eng d | ||
| 020 | _a9780199254866 | ||
| 040 | _cDLC | ||
| 050 |
_aKJE916 _b.B53 2002 |
||
| 100 | _dEdited by: Nidel G. Foster | ||
| 245 | _aBlackstone's EC Legislation | ||
| 250 | _a13th Edition | ||
| 260 |
_aOxford ; _bOxford University Press _cc2002 |
||
| 300 | _ax, 616 p; | ||
| 500 | _aIncludes Index | ||
| 942 |
_2lcc _cBK _n0 |
||
| 999 |
_c6619 _d6619 |
||